The net effect - residential property portal market overview (Record no. 69170)

MARC details
000 -LEADER
fixed length control field 01358cam a2200241 4500
001 - CONTROL NUMBER
control field ABS64913
008 - FIXED-LENGTH DATA ELEMENTS--GENERAL INFORMATION
fixed length control field 020103n2001 000 0 eng u
035 ## - SYSTEM CONTROL NUMBER
System control number (Sirsi) u116114
100 ## - MAIN ENTRY--PERSONAL NAME
Personal name Lundholm, D.
245 #4 - TITLE STATEMENT
Title The net effect - residential property portal market overview
260 ## - PUBLICATION, DISTRIBUTION, ETC.
Date of publication, distribution, etc. 2001
490 ## - SERIES STATEMENT
Series statement Property Forecast
Volume/sequential designation 4(12) December 2001, 2-3(2)
520 ## - SUMMARY, ETC.
Summary, etc. Examines the online residential property market. Notes the consolidation of the market from around 200 organisations in May 2000 to only a handfull today, but argues that the constant increase in people using these sites indicates that the market is more successful than ever. Emphasis on the importance in the portal market of sites balancing their property database with the consumer numbers they attract. Also crucial is building an effective relationship with estate agents by sending quality house-hunters thorough to the agents' own websites. Concludes that the consideration of charges by several sites including Propertyfinder, Primelocation and Rightmove is reasonable for efficient property marketing.
590 ## - LOCAL NOTE (RLIN)
Local note ABS
650 ## - SUBJECT ADDED ENTRY--TOPICAL TERM
Topical term or geographic name entry element PROPERTYFINDER
650 ## - SUBJECT ADDED ENTRY--TOPICAL TERM
Topical term or geographic name entry element RESIDENTIAL PROPERTY
9 (RLIN) 6266
650 ## - SUBJECT ADDED ENTRY--TOPICAL TERM
Topical term or geographic name entry element ESTATE AGENTS
650 ## - SUBJECT ADDED ENTRY--TOPICAL TERM
Topical term or geographic name entry element PRIMELOCATION
650 ## - SUBJECT ADDED ENTRY--TOPICAL TERM
Topical term or geographic name entry element RIGHTMOVE
650 ## - SUBJECT ADDED ENTRY--TOPICAL TERM
Topical term or geographic name entry element INTERNET PORTALS
690 ## - LOCAL SUBJECT ADDED ENTRY--TOPICAL TERM (OCLC, RLIN)
Topical term or geographic name as entry element INFORMATION TECHNOLOGY-INTERNET
942 ## - ADDED ENTRY ELEMENTS (KOHA)
Suppress in OPAC 0
Holdings
Withdrawn status Lost status Source of classification or shelving scheme Damaged status Not for loan Home library Current library Shelving location Date acquired Total Checkouts Full call number Barcode Date last seen Copy number Price effective from Koha item type
    Dewey Decimal Classification     London London Journal article 03/01/2002   ABS64913 116114-1001 06/08/2019 1 06/08/2019 Journal article